Fast typing-200 WPM challenge - Statistics

General Stats
  • This quiz has been taken 789 times
  • The average score is 9 of 50
Answer Stats
WPM Hint Answer % Correct
4 WPM absolute absolute
99%
8 WPM accident accident
98%
12 WPM accurate accurate
97%
16 WPM actually actually
93%
20 WPM academic academic
88%
24 WPM accounts accounts
79%
28 WPM achieved achieved
69%
32 WPM addition addition
61%
36 WPM accepted accepted
52%
40 WPM accuracy accuracy
42%
44 WPM activity activity
30%
48 WPM advanced advanced
22%
52 WPM prepared prepared
16%
56 WPM previous previous
10%
60 WPM problems problems
9%
64 WPM specific specific
6%
68 WPM standing standing
4%
72 WPM straight straight
2%
76 WPM stronger stronger
2%
160 WPM advisors advisors
0%
100 WPM airports airports
0%
164 WPM cosmetic cosmetic
0%
168 WPM counters counters
0%
180 WPM diagrams diagrams
0%
172 WPM dissolve dissolve
0%
176 WPM dividing dividing
0%
184 WPM eventual eventual
0%
188 WPM firewall firewall
0%
200 WPM firewall firewall
0%
196 WPM fixtures fixtures
0%
192 WPM flawless flawless
0%
84 WPM handling handling
0%
88 WPM homeless homeless
0%
92 WPM homemade homemade
0%
128 WPM returned returned
0%
136 WPM schedule schedule
0%
132 WPM selected selected
0%
140 WPM sessions sessions
0%
144 WPM shooting shooting
0%
148 WPM slightly slightly
0%
152 WPM solution solution
0%
156 WPM speakers speakers
0%
80 WPM studying studying
0%
124 WPM supposed supposed
0%
104 WPM teachers teachers
0%
108 WPM thousand thousand
0%
112 WPM training training
0%
116 WPM ultimate ultimate
0%
120 WPM vacation vacation
0%
96 WPM worrying worrying
0%
No matching quizzes found
Score Distribution
Percent of People with Each Score
Percentile by Number Answered
Your Score History
You have not taken this quiz